000 00426pab a2200157 454500
008 180718b2012 xxu||||| |||| 00| 0 eng d
100 _aAlam, Md. Marghoob
245 _aNational Human Rights Commission: Contribution in promotion and protection of rights in India
260 _c2012
300 _ap.63-73.
362 _aJul-Dec
650 _aHuman rights
773 _aReview of Politics
908 _aN
909 _a99022
999 _c99021
_d99021